00818nam a22002657a 450000500170000001000150001702000260003203500140005803700130007208200080008510000150009324501310010826000360023927000850027530000210036070000220038170000130040370000250041670000150044170000220045670000150047870000180049370000200051170000210053120200224141122.0 aENG-127754 c150.00a9788181804396 aEN-111286 bDBAD/PUB a540 aB.Sireesha aB.Sc.Second Year Sem III Chemistry/cby B.Sireesha...[etall.]; edited by M.Adinarayana , Deva Das Manwal [and] Deva Das Manwal aHyderabadc2017bTelugu Akademi aTelugu Akademi Himayatnagar Hyderabade500029bHyderabadminfo@teluguacademy.net a378p.b24cm(pbk) aReddy,G.Thirupati aB.Ramesh aGoud,G.Satyanarayana aV.Srinivas aK.Venkata Krishna aN.Yogibabu aM.Adinarayana aManwal,Deva Das aRao,Venkateswara